WESTERN CIVILIZATION WITH READINGS FROM PENGUIN CUSTOM EDITIONS / (Record no. 616669)

000 -LEADER
fixed length control field 00373nam a22001337a 4500
020 ## - INTERNATIONAL STANDARD BOOK NUMBER
Qualifying information PB.
040 ## - CATALOGING SOURCE
Transcribing agency FIZZA ISHAQ
082 ## - DEWEY DECIMAL CLASSIFICATION NUMBER
Classification number 909.09
Author Mark JOH
100 ## - MAIN ENTRY--PERSONAL NAME
Personal name LIMBERT,JOHN.
9 (RLIN) 133707
245 ## - TITLE STATEMENT
Title WESTERN CIVILIZATION WITH READINGS FROM PENGUIN CUSTOM EDITIONS /
Statement of responsibility, etc. JOHN LIMBERT.
260 ## - PUBLICATION, DISTRIBUTION, ETC.
Place of publication, distribution, etc. NEW YORK ;
Name of publisher, distributor, etc. PEARSON,
Date of publication, distribution, etc. 2014.
300 ## - PHYSICAL DESCRIPTION
Extent 158 P. ;
Dimensions 11.4X8.8IN
942 ## - ADDED ENTRY ELEMENTS (KOHA)
Source of classification or shelving scheme
Koha item type Book
Holdings
Withdrawn status Lost status Source of classification or shelving scheme Damaged status Not for loan Permanent Location Current Location Shelving location Date acquired Total Checkouts Full call number Barcode Date last seen Price effective from Koha item type
          NUST Baluchistan Campus (NBC) NUST Baluchistan Campus (NBC) General Stacks 03/13/2026   909.09 JOH QD-594 03/13/2026 03/13/2026 Book
© 2023 Central Library, National University of Sciences and Technology. All Rights Reserved.